[Event "Bamberg op-B 3rd"]
[Site "Bamberg"]
[Date "2021.07.29"]
[Round "3"]
[White "Blum, Norbert"]
[Black "Shelukie, Magd"]
[Result "1-0"]
[WhiteElo "1725"]
[BlackElo "1637"]
[PlyCount "129"]
[EventDate "2021.07.28"]
[EventType "swiss"]
[EventRounds "7"]
[EventCountry "GER"]
[SourceTitle "EXT 2022"]
[Source "ChessBase"]
[SourceDate "2021.10.06"]
[SourceVersion "1"]
[SourceVersionDate "2021.10.06"]
[SourceQuality "1"]

1. e4 d5 2. exd5 Qxd5 3. Nc3 Qa5 4. d4 Nf6 5. Nf3 Bg4 6. h3 Bh5 7. Bd3 Nc6 8. Be3 0-0-0 9. 0-0 e5 10. dxe5 Nxe5 11. g4 Nexg4 12. hxg4 Bxg4 13. Kg2 h5 14. Nb5 a6 15. Bd2 Qb6 16. Nc3 h4 17. Be2 h3+ 18. Kg1 Bd6 19. Nh2 Bxe2 20. Nxe2 Bxh2+ 21. Kxh2 Ng4+ 22. Kg3 Qg6 23. Nf4 Qh7 24. Qxg4+ f5 25. Qxh3 Qxh3+ 26. Nxh3 Rxd2 27. Rac1 Re8 28. Rfd1 Rde2 29. a4 R8e4 30. Nf4 Rxf2 31. Kxf2 Rxf4+ 32. Kg3 Rxa4 33. Rd5 g6 34. Rcd1 b5 35. R5d4 Ra2 36. Rb1 Kb7 37. Kf4 c5 38. Rd6 Ra4+ 39. Kf3 g5 40. b3 Rf4+ 41. Ke3 Re4+ 42. Kd3 g4 43. Rf1 c4+ 44. bxc4 bxc4+ 45. Kc3 f4 46. Rd4 Re3+ 47. Kxc4 Re2 48. c3 g3 49. Rdxf4 g2 50. Rg1 a5 51. Kb5 Rb2+ 52. Kxa5 Ra2+ 53. Ra4 Rf2 54. Rg4 Ra2+ 55. Kb4 Rb2+ 56. Kc4 Rf2 57. R1xg2 Rf3 58. Rh2 Rf7 59. Rh5 Kc6 60. Rg6+ Kd7 61. Ra5 Rf4+ 62. Kb3 Rf8 63. Ra7+ Ke8 64. Ra8+ Kf7 65. Rxf8+ 1-0